[Event "YUG-ch"]
[Site "Borovo"]
[Date "1981.??.??"]
[Round "19"]
[White "Velimirovic, Dragoljub"]
[Black "Hulak, Krunoslav"]
[Result "1/2-1/2"]
[WhiteElo "2480"]
[BlackElo "2470"]

1.e4 c5 2.Nf3 e6 3.d4 cxd4 4.Nxd4 Nc6 5.Nc3 Qc7 6.g3 a6 7.Bg2 Nf6 8.O-O h6
9.Nb3 d6 10.a4 b6 11.f4 Be7 12.Kh1 Rb8 13.Be3 Bb7 14.f5 exf5 15.Nd5 Nxd5
16.exd5 Ne5 17.Rxf5 O-O 18.Nd4 Rfe8 19.b3 Bf8 20.Qd2 Re7 21.Raf1 Rbe8 22.h3 Bc8
23.R5f2 Ng6 24.Bf4 Nxf4 25.gxf4 Re3 26.Kh2 Qc3 27.Qxc3 Rxc3 28.Rf3 Rxf3 29.Rxf3 Be7
30.Re3 Kf8 31.Bf1 Bf6 32.Rxe8+ Kxe8 33.Nc6 g5 34.Kg3 Bc3 35.Kf3 Bf5 36.Bd3 Bxh3
37.Bxa6 Bf5 38.Bd3 g4+ 39.Ke2 Bd7 40.b4 h5 41.a5 bxa5 42.bxa5 Bxc6 43.dxc6 Bxa5
44.c4 Bc7 45.Ke3 Ke7 46.Bf5 Ba5 47.Bd7 Bb6+ 48.Ke4 Kd8 49.Bf5 Kc7 50.Bd7 Bc5
51.f5 Kd8 52.f6 Bb4 53.Kd5 Kc7 54.Ke4 Bc3 55.Be8 d5+ 56.cxd5 h4 57.Bd7 g3
58.Kf3 Bxf6 59.Bh3  1/2-1/2

[Event "Elekes mem-A"]
[Site "Budapest"]
[Date "1981.??.??"]
[Round "?"]
[White "Pirisi, Gabor"]
[Black "Beil, Zdenek"]
[Result "1-0"]
[WhiteElo "2355"]
[BlackElo "2390"]

1.e4 c5 2.Nf3 Nc6 3.Nc3 e6 4.d4 cxd4 5.Nxd4 a6 6.Be2 Nge7 7.Be3 b5 8.O-O Nxd4
9.Qxd4 Nc6 10.Qd2 Be7 11.f4 d6 12.Bf3 O-O 13.Ne2 Qc7 14.a4 bxa4 15.Rxa4 Rb8
16.c4 Rd8 17.Rb1 a5 18.Nd4 Nb4 19.b3 Bd7 20.Ra3 d5 21.Rc1 dxe4 22.Bxe4 Nc6
23.Nb5 Rxb5 24.cxb5 Bxa3 25.Rc4 Bc8 26.Rxc6 Qe7 27.Qc2 Bb7 28.Bxh7+ Kh8 29.Rc7 Qh4
30.g3 Qh5 31.Rxb7 Qf3 32.Be4 Qxe3+ 33.Kf1 Bc5 34.Kg2 g6 35.Kh3 Rd2 36.Qc4 Kg8
37.b6 Qf2 38.Bxg6 Qxh2+ 39.Kg4 Qe2+ 40.Qxe2 Rxe2 41.Bxf7+ Kf8 42.Bg6 Rb2
43.Rf7+ Kg8 44.b7 Rxb3 45.Rd7 Ba7 46.Kg5  1-0

[Event "Elekes mem-A"]
[Site "Budapest"]
[Date "1981.??.??"]
[Round "?"]
[White "Pirisi, Gabor"]
[Black "Tokaji, Nagy Gyorgy"]
[Result "0-1"]
[WhiteElo "2355"]
[BlackElo "2200"]

1.e4 c5 2.Nf3 e6 3.Nc3 Nc6 4.d4 cxd4 5.Nxd4 d6 6.Be3 Nf6 7.Bc4 Bd7 8.Qe2 Be7
9.O-O-O O-O 10.Rhg1 a6 11.g4 b5 12.Bd3 Nxd4 13.Bxd4 b4 14.Nb1 Qa5 15.g5 Ne8
16.e5 g6 17.h4 Bb5 18.h5 Bxd3 19.Rxd3 d5 20.Qg4 Ng7 21.Rh1 Rac8 22.f4 Rc6
23.hxg6 fxg6 24.Rdh3 Qa4 25.b3 Qxa2 26.Bb2 Nf5 27.R1h2 Rf7 28.Qg1 Bc5 29.Qe1 Rfc7
30.Rd3 Qa5 31.Nd2 Bd4 32.Nf3 Bc3 33.Bxc3 Rxc3 34.Kb1 Rxd3 35.cxd3 Rc3 36.Rb2 Qb5
37.Nh4 Qxd3+ 38.Ka2 Nd4 39.f5 Rxb3  0-1

[Event "Elekes mem-A"]
[Site "Budapest"]
[Date "1981.??.??"]
[Round "?"]
[White "Silva Morales, Marco A"]
[Black "Beil, Zdenek"]
[Result "1-0"]
[WhiteElo "2315"]
[BlackElo "2390"]

1.e4 c5 2.Nf3 e6 3.d4 cxd4 4.Nxd4 Nc6 5.Nc3 a6 6.Be3 Nf6 7.g3 d6 8.Bg2 Bd7
9.O-O b5 10.Re1 Nxd4 11.Qxd4 Be7 12.e5 dxe5 13.Qxe5 O-O 14.Rad1 b4 15.Na4 Qb8
16.Qa5 Bb5 17.c4 bxc3 18.Nxc3 Bd7 19.Bxa8 Qxa8 20.Qc7 Bd8 21.Qa7 Qc6 22.Qc5 Qf3
23.Rxd7 Nxd7 24.Qd6 Nf6 25.Qxa6 h5 26.Qe2 Qf5 27.Qb5 e5 28.Bc5 Re8 29.Nd5 Qe6
30.Nxf6+ Bxf6 31.a4 h4 32.Be3 h3 33.a5 Ra8 34.Bb6 Qc8 35.Qd5 Rb8 36.b4 Qc3
37.Qe4 g6 38.Bc5 Qa3 39.Qe3 Qa2 40.g4 Qe6 41.Qxh3 e4 42.Qg2 Bc3 43.Rxe4 Qb3
44.Qf3 Qb1+ 45.Kg2 Bxb4 46.Re7  1-0

[Event "Elekes mem-B"]
[Site "Budapest"]
[Date "1981.??.??"]
[Round "?"]
[White "Rovid, Kalman"]
[Black "Banas, Jan"]
[Result "1/2-1/2"]
[WhiteElo "2200"]
[BlackElo "2380"]

1.e4 c5 2.Nf3 e6 3.d4 cxd4 4.Nxd4 Nc6 5.Nc3 a6 6.g3 d6 7.Bg2 Bd7 8.O-O Nf6
9.Re1 Be7 10.Nxc6 Bxc6 11.Bf4 O-O 12.e5 dxe5 13.Bxe5 Qb6 14.Ne4 Rfd8 15.Qe2 Nxe4
16.Bxe4 Bxe4 17.Qxe4 Rd2 18.Re2 Rad8 19.Rae1 Bc5 20.Qf4 Rxe2 21.Rxe2 Rd1+
22.Kg2 Qc6+ 23.Qe4 Qxe4+ 24.Rxe4 Rd2 25.Rc4 Rxf2+ 26.Kh3 f6 27.Rxc5 fxe5
28.a4 e4 29.g4 Kf7 30.Kg3 e3 31.b4 Ke7 32.Rc3 g5 33.b5 Rf4 34.Rxe3 Rxa4 35.bxa6 bxa6
36.h4 gxh4+ 37.Kxh4 Rc4 38.Ra3 Rxc2 39.Rxa6 Kf6 40.Ra8 Rc7 41.Rf8+ Rf7 42.g5+ Ke7
43.Ra8 Kd6 44.Ra6+ Kd5 45.Ra5+ Ke4 46.Ra4+ Kf5 47.Ra1 e5 48.Ra6 e4 49.Rb6 Ke5
50.Kg3 Rf3+ 51.Kg4 Rf7 52.Kg3 Re7 53.Rb5+ Kd4 54.Kf2 Rc7 55.Rb6 Rc2+ 56.Kf1 Rc1+
57.Ke2 Rc2+ 58.Kf1 Ke3 59.g6 Rc1+ 60.Kg2 hxg6 61.Rxg6 Ke2 62.Ra6 Rd1 63.Ra4 e3
64.Ra2+ Rd2 65.Ra1 Rb2 66.Kg3 Rd2 67.Kg2 Rd7 68.Kg3 Rd2 69.Kg2 Kd3+ 70.Kf3 Rf2+
71.Kg3 Rf7 72.Kg2 Rc7 73.Kf3 Rf7+ 74.Kg2 Rf2+ 75.Kg3 Rc2 76.Kf3 Kd2 77.Kg2 Ke2
78.Ra8 Kd3+ 79.Kf3 Rf2+ 80.Kg3 Rf1 81.Ra3+ Kd4 82.Ra4+ Kd5 83.Ra5+ Kc6 84.Ra2  1/2-1/2

[Event "Budva zt"]
[Site "Budva"]
[Date "1981.??.??"]
[Round "4"]
[White "Ivanovic, Bozidar"]
[Black "Hulak, Krunoslav"]
[Result "1-0"]
[WhiteElo "2550"]
[BlackElo "2475"]

1.e4 c5 2.Nf3 Nc6 3.d4 cxd4 4.Nxd4 e6 5.Nc3 Qc7 6.Be2 a6 7.O-O Nf6 8.Kh1 Be7
9.f4 d6 10.Be3 Bd7 11.Qe1 b5 12.a3 Nxd4 13.Bxd4 Bc6 14.Qg3 O-O 15.Rad1 Qb7
16.Bf3 g6 17.f5 e5 18.Be3 Kh8 19.Bg5 Ng8 20.Be2 Bxg5 21.Qxg5 Rad8 22.Qh4 b4
23.axb4 Qxb4 24.Rd3 Qxb2 25.Rh3 h6 26.Qg5 Qxc3 27.Rxh6+ Kg7 28.f6+ Nxf6 29.Rh3 Qxh3
30.Qxf6+ Kh7 31.gxh3 Bxe4+ 32.Kg1 Bxc2 33.Rc1 Bf5 34.Bg4 Bxg4 35.hxg4  1-0

[Event "Budva zt"]
[Site "Budva"]
[Date "1981.??.??"]
[Round "5"]
[White "Tatai, Stefano"]
[Black "Santos, Jose P"]
[Result "1-0"]
[WhiteElo "2485"]
[BlackElo "2315"]

1.e4 c5 2.Nf3 Nc6 3.d4 cxd4 4.Nxd4 e6 5.Nc3 a6 6.g3 Qc7 7.Bg2 Bb4 8.Nxc6 dxc6
9.Qd4 Bxc3+ 10.Qxc3 e5 11.a4 a5 12.O-O Nf6 13.f4 O-O 14.f5 c5 15.g4 h6 16.g5 hxg5
17.Bxg5 Ra6 18.Rad1 Nh7 19.Be3 Rc6 20.Rd5 Nf6 21.Rxe5 Ng4 22.Bf4 Nxe5 23.Bxe5 Qe7
24.Bxg7 Qg5 25.Bxf8 Kxf8 26.Rd1 Kg8 27.Rd3 Qh4 28.Rh3  1-0

[Event "Budva zt"]
[Site "Budva"]
[Date "1981.??.??"]
[Round "8"]
[White "Velimirovic, Dragoljub"]
[Black "Rajkovic, Dusan"]
[Result "1/2-1/2"]
[WhiteElo "2520"]
[BlackElo "2470"]

1.e4 c5 2.Nf3 e6 3.d4 cxd4 4.Nxd4 Nc6 5.Nc3 d6 6.Be3 Nf6 7.Bc4 a6 8.Qe2 Qc7
9.O-O-O Na5 10.Bb3 b5 11.Kb1 Be7 12.g4 Nxb3 13.cxb3 b4 14.Na4 Nxe4 15.Bf4 Qb7
16.Rhe1 Nf6 17.Nc2 e5 18.g5 Bg4 19.Qd3 Bxd1 20.Rxd1 Ne4 21.Be3 Nc5 22.Bxc5 dxc5
23.Ne3 O-O 24.h4 Rad8 25.Nd5 Rxd5 26.Qxd5 Qxd5 27.Rxd5 f6 28.gxf6 Rxf6 29.Rxe5 Kf7
30.Nxc5 Rxf2 31.Nxa6 Bxh4 32.Nxb4 Bf6 33.Nd3 Bxe5 34.Nxf2 g5 35.Kc2 Bd4 36.Ne4 g4
37.Kd3 Bxb2 38.a4 Be5 39.a5 Bc7 40.a6 Bb6 41.Nd6+ Ke6 42.Nc8 g3  1/2-1/2

[Event "Budva zt"]
[Site "Budva"]
[Date "1981.??.??"]
[Round "9"]
[White "Fernandes, Antonio"]
[Black "Guimaraes, Jorge"]
[Result "1/2-1/2"]
[WhiteElo "2390"]
[BlackElo "2260"]

1.e4 c5 2.Nf3 e6 3.d4 cxd4 4.Nxd4 Nc6 5.Nc3 Nf6 6.Ndb5 Bb4 7.Bf4 Nxe4 8.Qf3 d5
9.Nc7+ Kf8 10.O-O-O Bxc3 11.bxc3 g5 12.Qxe4 Qxc7 13.Bxc7 dxe4 14.Bb5 Kg7
15.h4 g4 16.Bxc6 bxc6 17.Rhe1 Re8 18.Rxe4 h5 19.Rc4 f6 20.g3 Kg6 21.Rxc6 Bb7
22.Rc5 Re7 23.Bd8 Re8 24.Ba5 Rac8 25.Rxc8 Rxc8 26.Rd7 Bd5 27.a3 a6 28.Kd2 Bc4
29.Ke3 Rc5 30.Bb6 Re5+ 31.Kd2 Rd5+ 32.Rxd5 exd5  1/2-1/2

[Event "Budva zt"]
[Site "Budva"]
[Date "1981.??.??"]
[Round "15"]
[White "Mariotti, Sergio"]
[Black "Hulak, Krunoslav"]
[Result "1/2-1/2"]
[WhiteElo "2475"]
[BlackElo "2475"]

1.e4 c5 2.Nf3 e6 3.d4 cxd4 4.Nxd4 Nc6 5.Nc3 a6 6.Be2 d6 7.f4 Be7 8.Bf3 Qc7
9.Be3 Nf6 10.Nb3 b5 11.g4 b4 12.Ne2 d5 13.e5 Nd7 14.g5 Bb7 15.Nbd4 Na5 16.b3 Nc5
17.h4 Nc6 18.c3 bxc3 19.Nxc3 Nb4 20.O-O Rc8 21.a3 Ne4 22.Nce2 Nc6 23.b4 Nxd4
24.Qxd4 O-O 25.Rfc1 Bc6 26.Qb6 Qxb6 27.Bxb6  1/2-1/2

[Event "Caorle op"]
[Site "Caorle"]
[Date "1981.??.??"]
[Round "8"]
[White "Trajkovic, Mihajlo"]
[Black "Bruno, Fabio"]
[Result "0-1"]
[WhiteElo "2200"]
[BlackElo "2265"]

1.e4 c5 2.Nf3 e6 3.d4 cxd4 4.Nxd4 Nc6 5.Nc3 a6 6.Be2 Nge7 7.O-O Nxd4 8.Qxd4 Nc6
9.Qd1 Bc5 10.Kh1 O-O 11.f4 b5 12.e5 d5 13.exd6 Qxd6 14.Ne4 Qe7 15.Bd3 Bb7
16.Nxc5 Qxc5 17.Qf3 Qe7 18.Qh3 f5 19.Re1 Qf6 20.a4 Nb4 21.Ra3 Nxd3 22.Rxd3 Be4
23.Rg3 Rfd8 24.c3 Rac8 25.axb5 axb5 26.Be3 e5 27.fxe5 Qxe5 28.Qh4 Rd7 29.Bd4 Rxd4
30.cxd4 Qxd4 31.Qe7 Kh8 32.Rc3 Rg8 33.Rec1 Qd2 34.Rg1 Qxb2 35.Rh3 Qd2 36.Rg3 Qd4
37.h3 h6 38.Rc1 b4 39.Qe6 f4 40.Rg4 Qe3 41.Qc4 Qxh3+  0-1

[Event "Caorle op"]
[Site "Caorle"]
[Date "1981.??.??"]
[Round "9"]
[White "Harnett, B."]
[Black "Tirabassi, Maurizio"]
[Result "0-1"]
[WhiteElo "2200"]
[BlackElo "2085"]

1.e4 c5 2.Nf3 e6 3.d4 cxd4 4.Nxd4 Nc6 5.Nc3 a6 6.Be3 Qc7 7.Be2 Nf6 8.O-O Be7
9.f4 d6 10.Kh1 O-O 11.f5 Ne5 12.Nf3 b5 13.Nxe5 dxe5 14.Bf3 Rd8 15.Qe2 exf5
16.exf5 Bb7 17.Rad1 e4 18.Bh5 Bd6 19.h3 Be5 20.g4 g6 21.fxg6 hxg6 22.Qg2 b4
23.Ne2 Nd5 24.Bh6 Nf4 25.Nxf4 Bxf4 26.Kg1 Bxh6 27.g5 Qc5+ 28.Kh2 Qe5+ 29.Kg1 Qxg5
30.Qxg5 Bxg5 31.Bg4 f5 32.Be2 Rxd1 33.Rxd1 Rd8 34.Rxd8+ Bxd8 35.Bc4+ Kg7
36.Kf2 f4 37.c3 Bh4+ 38.Kf1 bxc3 39.bxc3 e3  0-1

[Event "Caorle op"]
[Site "Caorle"]
[Date "1981.??.??"]
[Round "9"]
[White "Belotti, Bruno"]
[Black "Sgaravatti, Francesco"]
[Result "1/2-1/2"]
[WhiteElo "1900"]
[BlackElo "2045"]

1.e4 c5 2.Nf3 e6 3.d4 cxd4 4.Nxd4 Nc6 5.Nc3 Qc7 6.g3 a6 7.Bg2 Nf6 8.O-O h6
9.b3 Bc5 10.Nxc6 bxc6 11.Na4 Be7 12.c4 d6 13.Bb2 e5 14.h3 c5 15.Qe2 O-O 16.f4 Bd7
17.Nc3 Bc6 18.Rf2 a5 19.Raf1 Rfe8 20.Nd5 Bxd5 21.exd5 exf4 22.Rxf4 a4 23.Qd1 axb3
24.axb3 Ra2 25.Bc3 Bd8 26.R1f2 Rxf2 27.Kxf2 Qb7 28.Qa1 Qe7 29.Qe1 Qa7 30.Qa1 Qxa1
31.Bxa1 Be7 32.Kg1 Nh5 33.Rf3 Ra8 34.Bc3 Ra3 35.g4 Nf6 36.Bb2 Ra2 37.Rf2 Nd7
38.Re2 Ne5 39.Be4 Bf6 40.Bb1 Ra7 41.Kg2 Rb7 42.Ba2 Kf8 43.Kg3 Re7 44.Bxe5 Bxe5+
45.Kf3 Ke8 46.Bb1 Rb7 47.Bc2 Ra7 48.Kg2 Kd8 49.Bb1 Ra1 50.Bd3 Kc7 51.Rf2 f6
52.Bg6 Kb6 53.Be8 Ka5 54.Re2 Kb4 55.Ba4 Rc1 56.Rf2 Bd4 57.Re2 Be5 58.Rf2 Kc3
59.Rf3+ Kd4 60.Rf2 Ke4 61.Bd7 Kd4 62.Rf3 Rc2+ 63.Rf2 Rxf2+ 64.Kxf2 Kd3 65.Kf3  1/2-1/2

[Event "Caorle op"]
[Site "Caorle"]
[Date "1981.??.??"]
[Round "9"]
[White "Van Mil, Johannes A J"]
[Black "Bollek, J."]
[Result "1-0"]
[WhiteElo "2200"]
[BlackElo "2000"]

1.e4 c5 2.Nf3 Nc6 3.d4 cxd4 4.Nxd4 e6 5.Nc3 Bc5 6.Nb3 Bb4 7.Bd3 Nge7 8.O-O d5
9.exd5 Nxd5 10.Ne4 Be7 11.c3 Ne5 12.Bc2 Ng6 13.Qh5 Nf6 14.Nxf6+ Bxf6 15.Bxg6 fxg6
16.Qb5+ Qd7 17.Qxd7+ Bxd7 18.Nc5 O-O-O 19.Nxd7 Rxd7 20.Be3 Kc7 21.Rfd1 Rhd8
22.Rxd7+ Rxd7 23.Kf1 a6 24.Ke2 Kc6 25.Rd1 Rd5 26.Rd2 b5 27.f3 a5 28.Rc2 h6
29.b3 Bg5 30.Bf2 Bf4 31.h3 g5 32.c4 bxc4 33.bxc4 Rd7 34.Rb2 Bc7 35.a3 g6
36.Rb5 Rd8 37.Rc5+ Kd6 38.Rb5 Kc6 39.Ba7 Bf4 40.Rb6+ Kc7 41.Rb2 Ra8 42.Bb6+ Kc6
43.Rb5 Bd6 44.Rxa5 Rb8 45.c5 Be5 46.Ra7 Rc8 47.Kd3 h5 48.Ke4 Bd6 49.cxd6 Kxb6
50.Rc7  1-0

[Event "Politiken Cup"]
[Site "Copenhagen"]
[Date "1981.??.??"]
[Round "2"]
[White "Berg, Klaus"]
[Black "Sjoberg, Mats"]
[Result "1-0"]
[WhiteElo "2305"]
[BlackElo "2230"]

1.e4 c5 2.Nf3 e6 3.Nc3 Nc6 4.d4 cxd4 5.Nxd4 a6 6.g3 Qc7 7.Bg2 Nf6 8.O-O Be7
9.a4 O-O 10.Nb3 Ne5 11.Qe2 d6 12.a5 Bd7 13.Nd2 Rac8 14.f4 Nc6 15.Nb3 Nb4
16.Rd1 e5 17.h3 Qc4 18.Qf2 Rfe8 19.f5 Qc7 20.Be3 Bc6 21.Rd2 Nd7 22.Rad1 Rcd8
23.g4 Nc5 24.g5 Bf8 25.Qe2 b5 26.axb6 Qxb6 27.Qc4 Rb8 28.Rxd6 Bxd6 29.Rxd6 Nxc2
30.Bxc5 Qxb3 31.Qxb3 Rxb3 32.Rxc6 Rxb2 33.Bf1 a5 34.Rc7 Nd4 35.Bd3 Nf3+ 36.Kf1 Nd2+
37.Ke1 Nf3+ 38.Kf1 Rd8 39.Be2 Nxg5 40.Be7 Ra8 41.Bxg5 f6 42.Be3 Rbb8 43.Bc4+ Kh8
44.Ke2 Rc8 45.Rxc8+ Rxc8 46.Kd3 Rd8+ 47.Bd5 Rb8 48.Bc4 Rb2 49.Bd2 g6 50.Nd1 Rb1
51.Kc2 Rb7 52.Bxa5 Kg7 53.Ne3 Ra7 54.Bc3 Rc7 55.Bb3 Kh6 56.Nd5 Rf7 57.Kd3 Rb7
58.Bd2+ g5 59.Bc4 Rd7 60.Ke3 Rd6 61.Bb4 Rc6 62.Be2 Kg7 63.Be7 Kh6 64.Bf8+  1-0

[Event "Politiken Cup"]
[Site "Copenhagen"]
[Date "1981.??.??"]
[Round "3"]
[White "Mortensen, Erling"]
[Black "Kirov, Nino"]
[Result "1/2-1/2"]
[WhiteElo "2375"]
[BlackElo "2475"]

1.e4 c5 2.Nf3 Nc6 3.Nc3 e6 4.d4 cxd4 5.Nxd4 a6 6.Be2 Qc7 7.O-O Nf6 8.Kh1 Be7
9.f4 d6 10.Be3 O-O 11.Qe1 Bd7 12.a4 Nxd4 13.Bxd4 Bc6 14.Qg3 g6 15.f5 e5 16.Be3 d5
17.fxg6 hxg6 18.exd5 Nxd5 19.Bc4 Bh4 20.Rxf7 Qxf7 21.Qxh4 Nxe3 22.Bxf7+ Rxf7
23.Ne4 Raf8 24.h3 Nf5 25.Qg4 Bxe4 26.Re1 Bc6 27.Rxe5 Kg7 28.Kh2 Rd7 29.Qg5 Rf6
30.h4 Rd4 31.Kg1 Rd1+ 32.Kh2 Rd4 33.Kg1 Re4 34.Rxe4 Bxe4 35.h5 Re6 36.g4 Nd4
37.Qd8 Nc6 38.Qg5 Re5 39.Qf4 gxh5 40.gxh5 Re6 41.Qg4+  1/2-1/2

[Event "Politiken Cup"]
[Site "Copenhagen"]
[Date "1981.??.??"]
[Round "6"]
[White "Wedberg, Tom"]
[Black "Kirov, Nino"]
[Result "1-0"]
[WhiteElo "2420"]
[BlackElo "2475"]

1.e4 c5 2.Nf3 Nc6 3.d4 cxd4 4.Nxd4 e6 5.Nc3 a6 6.g3 Qc7 7.Bg2 Nf6 8.O-O Be7
9.Re1 O-O 10.Nxc6 dxc6 11.e5 Rd8 12.Qf3 Nd5 13.h4 Nxc3 14.Qxc3 h6 15.Be4 c5
16.Qf3 Ra7 17.Qg4 Kh8 18.Bg5 b5 19.Rad1 a5 20.Qf4 Kg8 21.Bxh6 Rxd1 22.Rxd1 gxh6
23.Qxh6 f5 24.exf6 Bf8 25.Qg6+ Kh8 26.Qh5+ Kg8 27.Rd5  1-0

[Event "Politiken Cup"]
[Site "Copenhagen"]
[Date "1981.??.??"]
[Round "8"]
[White "Poulsen, Allan"]
[Black "Sjoberg, Mats"]
[Result "0-1"]
[WhiteElo "2400"]
[BlackElo "2230"]

1.e4 c5 2.Nf3 e6 3.d4 cxd4 4.Nxd4 Nc6 5.Nc3 a6 6.Be2 Qc7 7.O-O Nf6 8.Kh1 b5
9.f4 b4 10.e5 bxc3 11.exf6 gxf6 12.bxc3 Bb7 13.Rb1 Na5 14.c4 Rc8 15.Qd3 Rg8
16.Nf3 f5 17.Bd2 Be4 18.Qc3 Nxc4 19.Qxc4 Qxc4 20.Bxc4 Rxc4 21.Rb8+ Ke7 22.Bb4+ d6
23.c3 Rg4 24.Rd1 Bd5 25.Rxd5 exd5 26.g3 Bg7 27.Rb6 Rg6 28.Nh4 Bxc3 29.Bxd6+ Kd7
30.Nxg6 hxg6 31.Rxa6 d4 32.Be5 Rc6 33.Rxc6 Kxc6 34.Kg2 Kb5 35.Kf2 Kc4 36.Ke2 Ba5
37.h3 Kc3 38.g4 fxg4 39.hxg4 Bb6 40.Kd1 f5 41.gxf5 gxf5 42.a4 Ba5 43.Ke2 Kc4
44.Kd1 d3  0-1

[Event "Politiken Cup"]
[Site "Copenhagen"]
[Date "1981.??.??"]
[Round "9"]
[White "Hansson, Dan"]
[Black "Sjoberg, Mats"]
[Result "0-1"]
[WhiteElo "2330"]
[BlackElo "2230"]

1.e4 c5 2.Nf3 e6 3.d4 cxd4 4.Nxd4 Nc6 5.Nc3 a6 6.Be2 Qc7 7.f4 Bc5 8.Be3 Nge7
9.Nxe6 dxe6 10.Bxc5 Qxf4 11.Qd6 Qxd6 12.Bxd6 O-O 13.a4 Rd8 14.O-O-O Ng6 15.a5 e5
16.Na4 Nd4 17.Rxd4 exd4 18.Bc7 Be6 19.Nb6 Rac8 20.Nxc8 Rxc8 21.Bg3 Ne7 22.Rd1 Nc6
23.Bf2 Nb4 24.Rxd4 Nxc2 25.Rd2 Ne3+ 26.Kb1 Nxg2 27.b4 Nf4 28.Bf1 h6 29.b5 axb5
30.Bxb5 Nh3 31.Bb6 Ng5 32.Bd3 Nf3 33.Rc2 Rxc2 34.Kxc2 Nxh2 35.Kc3 h5 36.Kd4 h4
37.Be2 h3 38.Bc7 Ng4 39.Bxg4 Bxg4 40.Ke3 Kf8 41.Bh2 Ke7 42.e5 Kd7 43.Kf2 Kc6
44.Bf4 Be6 45.Kg1 Kd5 46.Kh2 Ke4 47.Bg3 Bg4 48.Kg1 Kf3 49.Bh4 Kf4 50.Be1 Be6
51.Bd2+ Kf3 52.Bc3 Bg4 53.Kh2 Ke4 54.Kg3 Kf5 55.Kf2 f6 56.exf6 gxf6 57.Kg3 Ke6
58.Bd2 f5 59.Bf4 Kd5 60.Kf2 Ke4 61.Bh2 Bf3 62.Bg1 Bg2 63.Bh2 Kd3 64.Bb8 Kc4
65.Bc7 Kb5 66.Kg3 Kc4 67.Kf2 Kd3 68.Bh2 Ke4 69.Bg1 f4 70.Bh2 Kf5 71.Bg1 Kg4
72.Bh2 Bc6 73.Bg1 f3 74.Bh2 Kf5 75.Kg3 Ke4 76.Bg1 Bd7 77.Kf2 Bg4 78.Bh2 Kd5
79.Bb8 Kc6 80.Kg3 Kd5 81.Kf2 Ke4 82.Bh2 Be6 83.Bg1 Bc4 84.Kg3 Bf1 85.Kf2 Bg2
86.Bh2 Kd5 87.Kg1 Kc5 88.Bg3 Kb5 89.Bc7 Ka6 90.Bd8 Kb5 91.Bc7 Kb4 92.Bd8 Bf1
93.Bb6 Kb5 94.Bc7 Bc4 95.Bb6 Be6 96.Bc7 Bd5 97.Bh2 Kxa5 98.Kh1 f2+  0-1

[Event "Politiken Cup"]
[Site "Copenhagen"]
[Date "1981.??.??"]
[Round "10"]
[White "Kirov, Nino"]
[Black "Sjoberg, Mats"]
[Result "1/2-1/2"]
[WhiteElo "2475"]
[BlackElo "2230"]

1.Nf3 c5 2.e4 e6 3.d4 cxd4 4.Nxd4 Nc6 5.Nc3 a6 6.Be2 Qc7 7.O-O Nf6 8.Kh1 b5
9.Nxc6 dxc6 10.f4 Bb7 11.e5 Nd5 12.Qe1 c5 13.Bf3 Nxc3 14.Qxc3 c4 15.f5 exf5
16.Bxb7 Qxb7 17.Rxf5 Be7 18.Qg3 Qe4 19.Rf1  1/2-1/2

[Event "Esbjerg-B"]
[Site "Esbjerg"]
[Date "1981.??.??"]
[Round "10"]
[White "Wicker, Kevin J"]
[Black "Rath, Ulrik"]
[Result "0-1"]
[WhiteElo "2305"]
[BlackElo "2380"]

1.e4 c5 2.Nf3 e6 3.d4 cxd4 4.Nxd4 Nc6 5.Nc3 Qc7 6.Be2 a6 7.O-O Nf6 8.Kh1 Bb4
9.Nxc6 bxc6 10.Qd4 c5 11.Qe3 O-O 12.e5 Bxc3 13.Qxc3 Nd5 14.Qg3 Kh8 15.Bd2 Bb7
16.c4 Nb4 17.Bc3 Rad8 18.a3 Nc6 19.Rad1 Ne7 20.Bd3 Ng8 21.Qh3 h6 22.Bc2 f5
23.exf6 Nxf6 24.Rde1 Kg8 25.Re3 Qf4 26.Rg3 Qxc4 27.Rg1 Qf4 28.Rg6 e5 29.Rd1 Ne4
30.Bxe4 Bxe4 31.Bd2 Qf7 32.Rg3 Kh7 33.Qg4 d5 34.f3 Bf5 35.Qa4 Rd6 36.b4 c4
37.Be3 d4 38.Qa5 Rd5  0-1

[Event "DDR-ch 30th"]
[Site "Fuerstenwalde"]
[Date "1981.??.??"]
[Round "12"]
[White "Pachow, Joerg"]
[Black "Gauglitz, Gernot"]
[Result "1-0"]
[WhiteElo "2235"]
[BlackElo "2235"]

1.e4 c5 2.Nf3 Nc6 3.Nc3 e6 4.d4 cxd4 5.Nxd4 Nf6 6.a3 d5 7.Bb5 Bd7 8.exd5 exd5
9.O-O Be7 10.Re1 O-O 11.Bg5 Re8 12.Nf3 a6 13.Ba4 Be6 14.Nd4 Qd7 15.Nxc6 bxc6
16.Ne2 Qc7 17.Bf4 Bd6 18.Bxd6 Qxd6 19.c4 Ng4 20.Ng3 Qc5 21.Qf3 Qxc4 22.b3 Qc5
23.h3 Nf6 24.Rec1 Qd6 25.Bxc6 Rac8 26.Bxe8 Rxe8 27.b4 Rd8 28.Nf5 Qb6 29.Rc6 Qa7
30.Rac1 Ne4 31.Rc7 Qb6 32.R1c6 Qb8 33.Qf4 Re8 34.f3 Nf6 35.Nxg7 Kxg7 36.Qg5+ Kf8
37.Qxf6  1-0

[Event "Hamburg op"]
[Site "Hamburg"]
[Date "1981.??.??"]
[Round "1"]
[White "Schroeder, Christoph"]
[Black "Kirov, Nino"]
[Result "0-1"]
[WhiteElo "2240"]
[BlackElo "2430"]

1.e4 c5 2.Nf3 Nc6 3.d4 cxd4 4.Nxd4 e6 5.Nc3 a6 6.g3 d6 7.Bg2 Bd7 8.O-O Be7
9.a4 Qc7 10.Nxc6 bxc6 11.a5 Rb8 12.Qd3 Bc8 13.b3 Nf6 14.Be3 c5 15.h3 O-O
16.Na4 Nd7 17.Rfd1 Rd8 18.Nb2 Bf6 19.Ra2 Ne5 20.Qe2 Bb7 21.Nc4 Nxc4 22.Qxc4 Bc6
23.Qd3 Rb5 24.Bd2 Bd4 25.Bc3 e5 26.Be1 Qb7 27.c3 Rxb3 28.Qc2 f5 29.cxd4 exd4
30.Bf1 fxe4 31.Bc4+ Bd5 32.Bxb3 Qxb3 33.Qxb3 Bxb3 34.Raa1 Bxd1 35.Rxd1 Rb8
36.Bd2 Kf7 37.Kf1 Ke6 38.Ke2 Rb2 39.Ke1 Rb5 40.Ke2 d5 41.h4 h5 42.Be1 Rb2+
43.Rd2 d3+ 44.Kf1 Rb1 45.f3 Ke5 46.Kf2 Kd4 47.fxe4 dxe4  0-1

[Event "Hamburg op"]
[Site "Hamburg"]
[Date "1981.??.??"]
[Round "3"]
[White "Hazai, Laszlo"]
[Black "Akesson, Ralf"]
[Result "1/2-1/2"]
[WhiteElo "2430"]
[BlackElo "2390"]

1.e4 c5 2.Nf3 e6 3.d4 cxd4 4.Nxd4 Nc6 5.Nc3 a6 6.Be2 Nge7 7.Bf4 Ng6 8.Bg3 Be7
9.O-O O-O 10.Kh1 Bf6 11.Nb3 Bxc3 12.bxc3 e5 13.Qd6 Qg5 14.Nc5 h5 15.h3 Nf4
16.Bxf4 exf4 17.Nd3 Re8 18.Qxf4 Qxf4 19.Nxf4 Rxe4 20.g3 d6 21.Bxh5 Rc4 22.Rfe1  1/2-1/2

[Event "Hamburg op"]
[Site "Hamburg"]
[Date "1981.??.??"]
[Round "8"]
[White "Schneider, Lars Ake"]
[Black "Sjoberg, Mats"]
[Result "1-0"]
[WhiteElo "2410"]
[BlackElo "2330"]

1.e4 c5 2.Nf3 e6 3.d4 cxd4 4.Nxd4 Nc6 5.Nc3 a6 6.f4 d5 7.Be3 Bb4 8.Nxc6 bxc6
9.Qd4 Be7 10.exd5 exd5 11.Be2 Nf6 12.Na4 Ne4 13.Nb6 Rb8 14.Nxc8 Bh4+ 15.g3 Bf6
16.Qa4 Qxc8 17.Bd4 O-O 18.O-O Qe6 19.Rae1 Bxd4+ 20.Qxd4 c5 21.Qd3 Rxb2 22.f5 Qd6
23.c4 Rd2 24.Qe3 Rxa2 25.cxd5 Nd2 26.Rf4 Qxd5 27.f6 Qd8 28.Qe5 h6 29.fxg7 Re8
30.Qh5 Nf3+ 31.Rxf3 Qd4+ 32.Kf1 Qxg7 33.Rf4 Kh8 34.Rxf7 Rf8 35.Rxf8+ Qxf8+
36.Bf3 Qf6 37.Qe8+  1-0

[Event "Hastings8182"]
[Site "Hastings"]
[Date "1981.??.??"]
[Round "2"]
[White "Mestel, A Jonathan"]
[Black "Christiansen, Larry Mark"]
[Result "1/2-1/2"]
[WhiteElo "2475"]
[BlackElo "2575"]

1.e4 c5 2.Nf3 Nc6 3.d4 cxd4 4.Nxd4 e6 5.Nc3 a6 6.g3 Nge7 7.Nb3 d6 8.Bg2 Bd7
9.a4 Nc8 10.O-O Be7 11.Qe2 Na5 12.Nxa5 Qxa5 13.Bd2 Qc7 14.a5 O-O 15.Rfc1 Bf6
16.Nd1 Na7 17.Be3 d5 18.exd5 exd5 19.Bxd5 Rfe8 20.c4 Nc6 21.Qd2 Bh3 22.Bb6 Qd7
23.Nc3 Ne5 24.Rd1 Qg4 25.Qf4 Qh5 26.Re1 Re7 27.Re3 Ng6 28.Qf3 Bg4 29.Qg2 Rxe3
30.Bxe3 Ne5 31.f4 Bh3 32.Qe2 Bg4 33.Qg2 Bh3 34.Qe4 Bf5 35.Qg2 Bh3  1/2-1/2

[Event "Helsinki"]
[Site "Helsinki"]
[Date "1981.??.??"]
[Round "9"]
[White "Rantanen, Yrjo A"]
[Black "Schmidt, Wlodzimierz"]
[Result "1/2-1/2"]
[WhiteElo "2460"]
[BlackElo "2495"]

1.e4 c5 2.Nf3 e6 3.d4 cxd4 4.Nxd4 Nc6 5.Nc3 a6 6.Be2 d6 7.O-O Nf6 8.Bg5 Be7
9.Kh1 Qb6 10.Nb3 Qc7 11.a4 b6 12.Qd2 Bb7 13.Rad1 Rd8 14.Qe3 Nb4 15.Rd2 e5
16.f4 h6 17.Bh4 exf4 18.Rxf4 g5 19.Rxf6 Bxf6  1/2-1/2

[Event "Helsinki"]
[Site "Helsinki"]
[Date "1981.??.??"]
[Round "11"]
[White "Nunn, John DM"]
[Black "Schmidt, Wlodzimierz"]
[Result "1/2-1/2"]
[WhiteElo "2575"]
[BlackElo "2495"]

1.e4 c5 2.Nf3 e6 3.d4 cxd4 4.Nxd4 Nc6 5.Nc3 a6 6.Be2 d6 7.O-O Nf6 8.Be3 Be7
9.f4 O-O 10.Qe1 Bd7 11.Qg3 Nxd4 12.Bxd4 Bc6 13.Rae1 b5 14.a3 Qd7 15.Bd3 a5
16.Nd1 g6 17.Nf2 Rfe8 18.f5 e5 19.Be3 d5 20.Ng4 Nxg4 21.Qxg4 Bf8 22.h4 Rac8
23.h5 dxe4 24.Be2 Rc7 25.hxg6 fxg6 26.fxg6 Qxg4 27.gxh7+ Rxh7 28.Bxg4 Bd7
29.Bf5 Bxf5 30.Rxf5 b4 31.axb4 axb4 32.Rg5+ Rg7 33.Rxg7+ Kxg7 34.Kf2 Rc8
35.Rc1 Kf6 36.c4 bxc3 37.Rxc3 Rb8 38.b3 Kf5 39.Ke2  1/2-1/2

[Event "URS-ch (Women)"]
[Site "Ivano Frankovsk"]
[Date "1981.??.??"]
[Round "?"]
[White "Levitina, Irina S"]
[Black "Fomina, Tatyana"]
[Result "1-0"]
[WhiteElo "2320"]
[BlackElo "2080"]

1.e4 c5 2.Nf3 e6 3.d4 cxd4 4.Nxd4 Nc6 5.Nc3 Nf6 6.Be3 d6 7.f4 e5 8.Nf3 Ng4
9.Bd2 Qb6 10.Qe2 Qxb2 11.Rb1 Qa3 12.Nd5 Rb8 13.Qc4 Be7 14.Bd3 Bd8 15.O-O Bd7
16.Bc1 Qc5+ 17.Qxc5 dxc5 18.h3 Nf6 19.fxe5 Nxd5 20.exd5 Nb4 21.Be4 O-O 22.Bf4 Bc7
23.a3 f5 24.axb4 fxe4 25.Ng5 cxb4 26.Rxb4 h6 27.Nxe4 Bb6+ 28.Rxb6 axb6 29.e6 Bb5
30.Rf2 Ra8 31.Nd6 Be8 32.Nxe8 Rfxe8 33.Bc7 b5 34.Rd2 b4 35.d6 Rxe6 36.d7 Rc6
37.d8=Q+ Rxd8 38.Rxd8+ Kf7 39.Kf2 Rc3 40.Ba5 Rc4  1-0

[Event "URS-ch (Women)"]
[Site "Ivano Frankovsk"]
[Date "1981.??.??"]
[Round "?"]
[White "Gurieli, Nino"]
[Black "Fomina, Tatyana"]
[Result "1-0"]
[WhiteElo "2290"]
[BlackElo "2080"]

1.e4 c5 2.Nf3 e6 3.Nc3 Nc6 4.d4 cxd4 5.Nxd4 d6 6.g3 Nxd4 7.Qxd4 Ne7 8.Be3 Nc6
9.Qd2 Be7 10.f4 a6 11.O-O-O b5 12.g4 Bb7 13.g5 Rc8 14.Qf2 b4 15.Bb6 Qd7 16.Na4 b3
17.axb3 Nb4 18.Bc5 Bxe4 19.Bg2 Bxg2 20.Qxg2 Qb5 21.c4 Qb8 22.Bd4 O-O 23.Kb1 d5
24.f5 exf5 25.Nb6 Rcd8 26.cxd5 Bd6 27.Nc4 Qb5 28.Bf6 Rd7 29.Rhf1 f4 30.Qe4 Bb8
31.d6 gxf6 32.gxf6 Kh8 33.Rxf4 Qg5 34.Rf5 Qg6 35.Ne5 Rxd6 36.Nxg6+ fxg6 37.Rxd6 Bxd6
38.Qd4  1-0